<?xml version="1.0" encoding="UTF-8"?>
<record
    xmlns:xsi="http://www.w3.org/2001/XMLSchema-instance"
    xsi:schemaLocation="http://www.loc.gov/MARC21/slim http://www.loc.gov/standards/marcxml/schema/MARC21slim.xsd"
    xmlns="http://www.loc.gov/MARC21/slim">

  <leader>00537nam a2200181   4500</leader>
  <controlfield tag="003">SEACOMEC</controlfield>
  <controlfield tag="005">20240613124533.0</controlfield>
  <controlfield tag="008">240613b        |||||||| |||| 00| 0 eng d</controlfield>
  <datafield tag="020" ind1=" " ind2=" ">
    <subfield code="a"> 8121916674</subfield>
    <subfield code="c">Rs.340.00</subfield>
  </datafield>
  <datafield tag="040" ind1=" " ind2=" ">
    <subfield code="a">SEACOMEC</subfield>
  </datafield>
  <datafield tag="082" ind1=" " ind2=" ">
    <subfield code="a">621.20434</subfield>
    <subfield code="b">R161</subfield>
  </datafield>
  <datafield tag="100" ind1=" " ind2=" ">
    <subfield code="a"> Rajput, R. K</subfield>
  </datafield>
  <datafield tag="245" ind1="1" ind2=" ">
    <subfield code="a">A textbook of fluid mechanics : (fluid mechanics and hydraulic machines- part-1) </subfield>
    <subfield code="c"> R.K. Rajput</subfield>
  </datafield>
  <datafield tag="260" ind1=" " ind2=" ">
    <subfield code="a"> New Delhi </subfield>
    <subfield code="b">S. Chand &amp; company 2010 </subfield>
    <subfield code="c">[reprinted 2008]</subfield>
  </datafield>
  <datafield tag="300" ind1=" " ind2=" ">
    <subfield code="a">Vol.1</subfield>
  </datafield>
  <datafield tag="650" ind1=" " ind2=" ">
    <subfield code="a"> Hydraulics</subfield>
  </datafield>
  <datafield tag="942" ind1=" " ind2=" ">
    <subfield code="c">BOOK</subfield>
  </datafield>
  <datafield tag="952" ind1=" " ind2=" ">
    <subfield code="0">0</subfield>
    <subfield code="1">0</subfield>
    <subfield code="2">ddc</subfield>
    <subfield code="4">0</subfield>
    <subfield code="7">0</subfield>
    <subfield code="a">SEACOMEC</subfield>
    <subfield code="b">SEACOMEC</subfield>
    <subfield code="d">2008-02-25</subfield>
    <subfield code="l">0</subfield>
    <subfield code="o">621.20434 R161</subfield>
    <subfield code="p">9916</subfield>
    <subfield code="r">2024-06-13 12:46:05</subfield>
    <subfield code="w">2024-06-13</subfield>
    <subfield code="y">BOOK</subfield>
  </datafield>
  <datafield tag="952" ind1=" " ind2=" ">
    <subfield code="0">0</subfield>
    <subfield code="1">0</subfield>
    <subfield code="2">ddc</subfield>
    <subfield code="4">0</subfield>
    <subfield code="7">0</subfield>
    <subfield code="a">SEACOMEC</subfield>
    <subfield code="b">SEACOMEC</subfield>
    <subfield code="d">2008-02-25</subfield>
    <subfield code="l">0</subfield>
    <subfield code="o">621.20434 R161</subfield>
    <subfield code="p">9917</subfield>
    <subfield code="r">2024-06-13 12:46:44</subfield>
    <subfield code="t">1</subfield>
    <subfield code="w">2024-06-13</subfield>
    <subfield code="y">BOOK</subfield>
  </datafield>
  <datafield tag="952" ind1=" " ind2=" ">
    <subfield code="0">0</subfield>
    <subfield code="1">0</subfield>
    <subfield code="2">ddc</subfield>
    <subfield code="4">0</subfield>
    <subfield code="7">0</subfield>
    <subfield code="a">SEACOMEC</subfield>
    <subfield code="b">SEACOMEC</subfield>
    <subfield code="d">2008-02-25</subfield>
    <subfield code="l">0</subfield>
    <subfield code="o">621.20434 R161</subfield>
    <subfield code="p">9918</subfield>
    <subfield code="r">2024-06-13 12:46:44</subfield>
    <subfield code="t">2</subfield>
    <subfield code="w">2024-06-13</subfield>
    <subfield code="y">BOOK</subfield>
  </datafield>
  <datafield tag="952" ind1=" " ind2=" ">
    <subfield code="0">0</subfield>
    <subfield code="1">0</subfield>
    <subfield code="2">ddc</subfield>
    <subfield code="4">0</subfield>
    <subfield code="7">0</subfield>
    <subfield code="a">SEACOMEC</subfield>
    <subfield code="b">SEACOMEC</subfield>
    <subfield code="d">2008-02-25</subfield>
    <subfield code="l">0</subfield>
    <subfield code="o">621.20434 R161</subfield>
    <subfield code="p">9919</subfield>
    <subfield code="r">2024-06-13 12:46:44</subfield>
    <subfield code="t">3</subfield>
    <subfield code="w">2024-06-13</subfield>
    <subfield code="y">BOOK</subfield>
  </datafield>
  <datafield tag="952" ind1=" " ind2=" ">
    <subfield code="0">0</subfield>
    <subfield code="1">0</subfield>
    <subfield code="2">ddc</subfield>
    <subfield code="4">0</subfield>
    <subfield code="7">0</subfield>
    <subfield code="a">SEACOMEC</subfield>
    <subfield code="b">SEACOMEC</subfield>
    <subfield code="d">2008-02-25</subfield>
    <subfield code="l">0</subfield>
    <subfield code="o">621.20434 R161</subfield>
    <subfield code="p">9920</subfield>
    <subfield code="r">2024-06-13 12:46:44</subfield>
    <subfield code="t">4</subfield>
    <subfield code="w">2024-06-13</subfield>
    <subfield code="y">BOOK</subfield>
  </datafield>
  <datafield tag="952" ind1=" " ind2=" ">
    <subfield code="0">0</subfield>
    <subfield code="1">0</subfield>
    <subfield code="2">ddc</subfield>
    <subfield code="4">0</subfield>
    <subfield code="7">0</subfield>
    <subfield code="a">SEACOMEC</subfield>
    <subfield code="b">SEACOMEC</subfield>
    <subfield code="d">2008-02-25</subfield>
    <subfield code="l">0</subfield>
    <subfield code="o">621.20434 R161</subfield>
    <subfield code="p">9921</subfield>
    <subfield code="r">2024-06-13 12:46:44</subfield>
    <subfield code="t">5</subfield>
    <subfield code="w">2024-06-13</subfield>
    <subfield code="y">BOOK</subfield>
  </datafield>
  <datafield tag="952" ind1=" " ind2=" ">
    <subfield code="0">0</subfield>
    <subfield code="1">0</subfield>
    <subfield code="2">ddc</subfield>
    <subfield code="4">0</subfield>
    <subfield code="7">0</subfield>
    <subfield code="a">SEACOMEC</subfield>
    <subfield code="b">SEACOMEC</subfield>
    <subfield code="d">2008-02-25</subfield>
    <subfield code="l">0</subfield>
    <subfield code="o">621.20434 R161</subfield>
    <subfield code="p">9922</subfield>
    <subfield code="r">2024-06-13 12:46:44</subfield>
    <subfield code="t">6</subfield>
    <subfield code="w">2024-06-13</subfield>
    <subfield code="y">BOOK</subfield>
  </datafield>
  <datafield tag="952" ind1=" " ind2=" ">
    <subfield code="0">0</subfield>
    <subfield code="1">0</subfield>
    <subfield code="2">ddc</subfield>
    <subfield code="4">0</subfield>
    <subfield code="7">0</subfield>
    <subfield code="a">SEACOMEC</subfield>
    <subfield code="b">SEACOMEC</subfield>
    <subfield code="d">2008-02-25</subfield>
    <subfield code="l">0</subfield>
    <subfield code="o">621.20434 R161</subfield>
    <subfield code="p">9923</subfield>
    <subfield code="r">2024-06-13 12:46:44</subfield>
    <subfield code="t">7</subfield>
    <subfield code="w">2024-06-13</subfield>
    <subfield code="y">BOOK</subfield>
  </datafield>
  <datafield tag="952" ind1=" " ind2=" ">
    <subfield code="0">0</subfield>
    <subfield code="1">0</subfield>
    <subfield code="2">ddc</subfield>
    <subfield code="4">0</subfield>
    <subfield code="7">0</subfield>
    <subfield code="a">SEACOMEC</subfield>
    <subfield code="b">SEACOMEC</subfield>
    <subfield code="d">2008-02-25</subfield>
    <subfield code="l">0</subfield>
    <subfield code="o">621.20434 R161</subfield>
    <subfield code="p">9924</subfield>
    <subfield code="r">2024-06-13 12:46:44</subfield>
    <subfield code="t">8</subfield>
    <subfield code="w">2024-06-13</subfield>
    <subfield code="y">BOOK</subfield>
  </datafield>
  <datafield tag="952" ind1=" " ind2=" ">
    <subfield code="0">0</subfield>
    <subfield code="1">0</subfield>
    <subfield code="2">ddc</subfield>
    <subfield code="4">0</subfield>
    <subfield code="7">0</subfield>
    <subfield code="a">SEACOMEC</subfield>
    <subfield code="b">SEACOMEC</subfield>
    <subfield code="d">2008-02-25</subfield>
    <subfield code="l">0</subfield>
    <subfield code="o">621.20434 R161</subfield>
    <subfield code="p">9925</subfield>
    <subfield code="r">2024-06-13 12:46:44</subfield>
    <subfield code="t">9</subfield>
    <subfield code="w">2024-06-13</subfield>
    <subfield code="y">BOOK</subfield>
  </datafield>
  <datafield tag="999" ind1=" " ind2=" ">
    <subfield code="c">1330</subfield>
    <subfield code="d">1330</subfield>
  </datafield>
</record>
